Months of the Year Without First or Last Letters Quiz - Statistics

General Stats
  • This quiz has been taken 36 times
  • The average score is 12 of 12
Answer Stats
Months Without First or Last Letters Full Month Names % Correct
ecembe December
100%
ul July
100%
arc March
100%
pri April
96%
ugus August
96%
anuar January
96%
a May
96%
ovembe November
96%
ctobe October
96%
eptembe September
96%
ebruar February
93%
un June
93%
No matching quizzes found
Score Distribution
Percent of People with Each Score
Percentile by Number Answered
Your Score History
You have not taken this quiz